00511nam a2200157 a 450000500170000000800410001702000180005805000190007610000210009524500340011626000400015030000080019065000150019899900190021395201210023220140412111432.0131010s19uu xx 00 eng d a9780545272650 aTREbYou7 2009 aZiefert, Harriet aYou and me...we're opposites. aNew York :bScholastic,Inc,cc2009. ap30 aOpposites- c106396d106396 00104050aELbELcTRd2013-10-10eBookDriveg145.00l0oTRE You7 2009pE11664r2014-04-12 00:00:00w2014-04-12yBK